|
|
|
|
| LEADER |
00794nab a2200217 i 4500 |
| 001 |
publ28442 |
| 005 |
20231017135413.0 |
| 008 |
231017s2020 hu o 0|| Angol d |
| 022 |
|
|
|a 1785-8860
|
| 024 |
7 |
|
|a 10.12700/APH.17.7.2020.7.3
|2 doi
|
| 024 |
7 |
|
|a 31649321
|2 mtmt
|
| 040 |
|
|
|a SZTE Publicatio Repozitórium
|b hun
|
| 041 |
|
|
|a Angol
|
| 100 |
1 |
|
|a Békési József
|
| 245 |
1 |
0 |
|a Combined Vehicle and Driver Scheduling with Fuel Consumption and Parking Constraints
|h [elektronikus dokumentum] :
|b a Case Study /
|c Békési József
|
| 260 |
|
|
|c 2020
|
| 300 |
|
|
|a 45-65
|
| 490 |
0 |
|
|a ACTA POLYTECHNICA HUNGARICA
|v 17 No. 7
|
| 650 |
|
4 |
|a Számítás- és információtudomány
|
| 700 |
0 |
1 |
|a Nagy Albert
|e aut
|
| 856 |
4 |
0 |
|u http://publicatio.bibl.u-szeged.hu/28442/1/Bekesi_Nagy_104.pdf
|z Dokumentum-elérés
|